000 00580nam a2200217Ia 4500
001 2350
005 20240113233537.0
007 ta
008 050225s1913 a g b000 u eng u
040 _aRef.Stack
041 _aeng
082 _a370.905
_bMa 19 Fi
100 _aStreet, Mary .
245 0 _aFinal Report of the Commissioners /
_cMary Street.
_hReports
260 _aLondon :
_bRoyal Commission on University Education ,
_c1913.
300 _a216p. :
_bill ;
_c32cm. .
653 _aReport : Commissioners
942 _2ddc
_cBK
999 _c2343
_d2343